| 000 | 01205cam a22002295a 4500 | ||
|---|---|---|---|
| 001 | L158042 | ||
| 008 | 130613s2014 xxk f 000 0 eng d | ||
| 020 | _a9781848063600 | ||
| 035 | _a(Sirsi) u158042 | ||
| 041 | 0 | _aeng | |
| 100 | 1 | _aLewry, A. | |
| 245 | 0 | 0 |
_aOperating BEMS _bA practical guide to building energy management systems |
| 260 |
_aWatford _bBRE _c2014 |
||
| 300 |
_a16p. _bill. _c30cm. |
||
| 490 | 0 |
_aBRE Information Paper _v(2/14) |
|
| 520 | _aBuilding energy management systems (BEMS) are often an integral part of a larger building management system (BMS), their purpose being to optimise the energy use of the building. These systems are commonplace in larger buildings and are rapidly becoming standard. This has also been recognised by the industry, culminating in the publication of BS EN 15232:2012 (Energy performance of buildings - Impact of building automation, controls and building management). There is a need to provide practical advice to building users on how to operate these systems effectively and thereby realise potential energy savings. | ||
| 521 | _aAdvanced | ||
| 650 | 2 | 4 | _aENERGY USE |
| 651 | 4 | _aENGLAND AND WALES | |
| 690 |
_aEnergy _96237 |
||
| 942 | _n0 | ||
| 999 |
_c115097 _d115097 |
||